000 00429nam a2200145Ia 4500
008 100204s9999 xx 000 0 und d
082 _b19239
100 _aबेडेकर विश्राम
245 _aरणांगण
260 _b"देशमुख आणि कंपनी , पुणे"
_c1994 8
300 _a121
630 _aरणांगण
730 _aरणांगण
942 _cBOOK
999 _c463661
_d463658